Sľubný rozvoj vzťahov J. Dienstbiera prijal írsky prezident

Podrobná bibliografia
Hlavný autor: (jak) (Autor)
Médium: Článok
Jazyk:slovenčina
Predmet:

MARC

LEADER 00000nab a2200000 a 4500
001 vtls000380653
003 SK-MaSNL
005 20260311224620.0
008 160115c1990 xo 0 slo
015 |a SNBRB19rr/mm-uuuuu 
035 |a CL0380775 
040 |a SNKBUCL  |b slo  |c SNKBUCL  |e AACR2 
041 0 |a slo 
044 |a xo  |c SK 
080 |a 327(043.7:417)  |2 1981 
080 |a 327(417:437)  |2 1981 
100 1 |a (jak)  |4 aut  |9 886231 
245 1 0 |a Sľubný rozvoj vzťahov  |b J. Dienstbiera prijal írsky prezident  |c (jak) ; Jiří Dienstbier 
650 0 7 |a zahraničná politika  |2 snkbucl  |9 971 
651 7 |a Československo  |2 snkbucl  |9 21376 
651 7 |a Írsko  |2 snkbucl  |9 21715 
655 7 |a články z novín a časopisov  |2 snkbucl  |9 267496 
773 0 |t Národná obroda  |g Roč. 1, č. 10 (25. 5. 1990), s. 7 
850 |a Slovenská národná knižnica v Martine  |a MTA001 
852 |a SNK  |b KIS3GCP 
958 |a RK 
992 |a RBX 
999 |c 3260695  |d 3262625